[Event "Oberliga NRW 2122"]
[Site "Germany"]
[Date "2022.05.29"]
[Round "6.2"]
[White "Tomic, Bosko"]
[Black "Soukup, Jiri"]
[Result "1-0"]
[WhiteElo "2418"]
[BlackElo "2394"]
[PlyCount "77"]
[EventDate "2021.10.31"]
[EventType "team-tourn"]
[EventRounds "9"]
[EventCountry "GER"]
[SourceTitle "EXT 2024"]
[Source "ChessBase"]
[SourceDate "2023.10.10"]
[SourceVersion "1"]
[SourceVersionDate "2023.10.10"]
[SourceQuality "1"]
[WhiteTeam "Essen Katernberg"]
[BlackTeam "Letmathe"]
[WhiteTeamCountry "GER"]
[BlackTeamCountry "GER"]

1. e4 e5 2. Nf3 Nc6 3. Bb5 Bc5 4. 0-0 Nd4 5. Nxd4 Bxd4 6. c3 Bb6 7. d4 c6 8. Ba4 d6 9. Nd2 Nf6 10. Nc4 Bc7 11. Bc2 Be6 12. Ne3 g6 13. f4 exf4 14. Rxf4 d5 15. e5 Nh5 16. Rf2 Qd7 17. Nf5 0-0-0 18. Nh6 Rdf8 19. g4 Ng7 20. Bg5 Bd8 21. Qd2 Bxg5 22. Qxg5 Qd8 23. Qxd8+ Kxd8 24. Raf1 Ke7 25. g5 Nf5 26. Bxf5 gxf5 27. h4 b6 28. Kg2 c5 29. Nxf5+ Bxf5 30. Rxf5 h6 31. Rf6 hxg5 32. hxg5 Rh4 33. Kg3 Re4 34. g6 cxd4 35. cxd4 Rxd4 36. Rxf7+ Rxf7 37. gxf7 Kf8 38. e6 Re4 39. Rf6 1-0

[Event "Oberliga NRW 2122"]
[Site "Germany"]
[Date "2022.05.08"]
[Round "9.1"]
[White "Tomic, Bosko"]
[Black "Zatonskih, Anna"]
[Result "1-0"]
[WhiteElo "2422"]
[BlackElo "2393"]
[PlyCount "63"]
[EventDate "2021.10.31"]
[EventType "team-tourn"]
[EventRounds "9"]
[EventCountry "GER"]
[SourceTitle "EXT 2023"]
[Source "ChessBase"]
[SourceDate "2022.10.05"]
[SourceVersion "1"]
[SourceVersionDate "2022.10.05"]
[SourceQuality "1"]
[WhiteTeam "Essen Katernberg"]
[BlackTeam "Bochum II"]
[WhiteTeamCountry "GER"]
[BlackTeamCountry "GER"]

1. e4 e6 2. d4 d5 3. Nd2 c5 4. Ngf3 Nc6 5. exd5 exd5 6. Bb5 Qe7+ 7. Be2 Qc7 8. 0-0 Nf6 9. c4 Nxd4 10. Nxd4 cxd4 11. cxd5 Nxd5 12. Nf3 Bc5 13. Bb5+ Bd7 14. Re1+ Ne7 15. Bxd7+ Qxd7 16. Ne5 Qb5 17. a4 Qa6 18. Nxf7 0-0 19. Ne5 Qe6 20. Nd3 Qc6 21. Bg5 Nf5 22. Rc1 b6 23. Qb3+ Kh8 24. Ne5 Qe8 25. Qd5 Qh5 26. h4 Bb4 27. g4 Qe8 28. gxf5 Bxe1 29. Rxe1 Rxf5 30. Nf7+ Rxf7 31. Rxe8+ Rxe8 32. Qxf7 1-0

[Event "Oberliga NRW 2122"]
[Site "Germany"]
[Date "2022.03.13"]
[Round "7.1"]
[White "Tomic, Bosko"]
[Black "Morawietz, Dieter"]
[Result "1-0"]
[WhiteElo "2422"]
[BlackElo "2406"]
[PlyCount "85"]
[EventDate "2021.10.31"]
[EventType "team-tourn"]
[EventRounds "9"]
[EventCountry "GER"]
[SourceTitle "EXT 2023"]
[Source "ChessBase"]
[SourceDate "2022.10.05"]
[SourceVersion "1"]
[SourceVersionDate "2022.10.05"]
[SourceQuality "1"]
[WhiteTeam "Essen Katernberg"]
[BlackTeam "Koeln SF"]
[WhiteTeamCountry "GER"]
[BlackTeamCountry "GER"]

1. e4 c5 2. Nf3 e6 3. Nc3 d6 4. d4 cxd4 5. Nxd4 Nf6 6. f4 Be7 7. Qf3 0-0 8. Be3 e5 9. Nf5 Bxf5 10. exf5 Nbd7 11. 0-0-0 Rc8 12. fxe5 dxe5 13. Ne4 Nxe4 14. Qxe4 Qc7 15. Qc4 Bc5 16. Bxc5 Nxc5 17. Be2 b5 18. Qxb5 Ne4 19. Qa4 Nf2 20. Rd7 Qc5 21. Re1 Qe3+ 22. Kb1 Ne4 23. Rdd1 Nc3+ 24. bxc3 Rb8+ 25. Bb5 Qxc3 26. Qb3 Qc8 27. Rxe5 a6 28. a4 axb5 29. Rxb5 Qc7 30. h4 Rbc8 31. g4 Qh2 32. h5 Qe2 33. Rd4 h6 34. Rb7 Qe1+ 35. Ka2 Qc1 36. Rc4 Kh7 37. f6 Rcd8 38. fxg7 Rg8 39. Rxf7 Rd1 40. Qb2 Qe3 41. Qf6 Ra1+ 42. Qxa1 Qe6 43. Qf1 1-0

[Event "Oberliga NRW 2122"]
[Site "Germany"]
[Date "2022.03.06"]
[Round "4.1"]
[White "Tomic, Bosko"]
[Black "Jens, Jelmer"]
[Result "0-1"]
[WhiteElo "2422"]
[BlackElo "2411"]
[PlyCount "60"]
[EventDate "2021.10.31"]
[EventType "team-tourn"]
[EventRounds "9"]
[EventCountry "GER"]
[SourceTitle "EXT 2023"]
[Source "ChessBase"]
[SourceDate "2022.10.05"]
[SourceVersion "1"]
[SourceVersionDate "2022.10.05"]
[SourceQuality "1"]
[WhiteTeam "Essen Katernberg"]
[BlackTeam "Erkenschwick"]
[WhiteTeamCountry "GER"]
[BlackTeamCountry "GER"]

1. e4 c5 2. Nf3 d6 3. Nc3 Nc6 4. d4 cxd4 5. Nxd4 Nf6 6. Bg5 e6 7. Bc4 Qb6 8. Ndb5 Ne5 9. Bb3 a6 10. Nd4 Be7 11. 0-0 Bd7 12. Kh1 Rc8 13. Be3 Qc7 14. f4 Nc4 15. Bxc4 Qxc4 16. Qf3 0-0 17. e5 dxe5 18. fxe5 Nd5 19. Nxd5 Qxd5 20. Qg3 Qe4 21. c3 Rc5 22. Bf4 Rd5 23. Rae1 Qg6 24. Qe3 Bh4 25. Rd1 Be7 26. c4 Rc5 27. Nf5 exf5 28. Rxd7 Qe6 29. Rxb7 Rxc4 30. Rb6 Bc5 0-1

[Event "Oberliga NRW 1920"]
[Site "Germany"]
[Date "2019.11.10"]
[Round "3.1"]
[White "Koscielski, Janusch"]
[Black "Tomic, Bosko"]
[Result "1/2-1/2"]
[WhiteElo "2217"]
[BlackElo "2367"]
[PlyCount "40"]
[EventDate "2019.09.15"]
[EventType "team-tourn"]
[EventRounds "9"]
[EventCountry "GER"]
[SourceTitle "CBM 195 Extra"]
[Source "ChessBase"]
[SourceDate "2020.05.31"]
[SourceVersion "1"]
[SourceVersionDate "2020.05.31"]
[SourceQuality "1"]
[WhiteTeam "Wattenscheid"]
[BlackTeam "Essen Katernberg"]
[WhiteTeamCountry "GER"]
[BlackTeamCountry "GER"]

1. e4 c5 2. Nf3 e6 3. d4 cxd4 4. Nxd4 a6 5. Bd3 Qc7 6. 0-0 Nc6 7. Nxc6 dxc6 8. Qe2 e5 9. a4 Nf6 10. a5 Bb4 11. Bd2 Bxd2 12. Nxd2 0-0 13. Bc4 Re8 14. Nb3 Be6 15. Rfd1 Bxc4 16. Qxc4 Rad8 17. Qe2 Rxd1+ 18. Rxd1 Rd8 19. Rxd8+ Qxd8 20. Qd3 Qc7 1/2-1/2

[Event "Oberliga NRW 1920"]
[Site "Germany"]
[Date "2019.10.13"]
[Round "2.1"]
[White "Tomic, Bosko"]
[Black "Kolosowski, Mateusz"]
[Result "1/2-1/2"]
[WhiteElo "2367"]
[BlackElo "2477"]
[PlyCount "81"]
[EventDate "2019.09.15"]
[EventType "team-tourn"]
[EventRounds "9"]
[EventCountry "GER"]
[SourceTitle "CBM 195 Extra"]
[Source "ChessBase"]
[SourceDate "2020.05.31"]
[SourceVersion "1"]
[SourceVersionDate "2020.05.31"]
[SourceQuality "1"]
[WhiteTeam "Essen Katernberg"]
[BlackTeam "Letmathe"]
[WhiteTeamCountry "GER"]
[BlackTeamCountry "GER"]

1. e4 c5 2. Nf3 e6 3. Nc3 Nc6 4. d4 cxd4 5. Nxd4 Qc7 6. g3 a6 7. Bg2 Nf6 8. 0-0 Nxd4 9. Qxd4 Bc5 10. Qd3 d6 11. Bf4 h6 12. b4 Bxb4 13. Nb5 axb5 14. Qxb5+ Bd7 15. Qxb4 e5 16. Be3 Ra4 17. Qb3 Nxe4 18. Rfe1 0-0 19. Rad1 Bc6 20. c4 Ng5 21. Bxg5 hxg5 22. Bxc6 Qxc6 23. Rxd6 Qxd6 24. Qxa4 Rc8 25. Qb5 f6 26. Qxb7 Rxc4 27. Qb3 Qb4 28. Qe3 Rc3 29. Qe2 g4 30. Rd1 Qa4 31. Qd2 Qc4 32. Qd8+ Kh7 33. Qe8 Kh6 34. Qh8+ Kg6 35. Qe8+ Kh6 36. a4 Qe2 37. Qh8+ Kg6 38. Qe8+ Kh6 39. Qh8+ Kg6 40. Qe8+ Kh6 41. Qh8+ 1/2-1/2

[Event "NRW Cup Final"]
[Site "Germany"]
[Date "2019.07.07"]
[Round "2.1"]
[White "Tomic, Bosko"]
[Black "Chittka, Julius"]
[Result "1/2-1/2"]
[WhiteElo "2428"]
[BlackElo "2319"]
[PlyCount "105"]
[EventDate "2019.07.06"]
[EventType "team-k.o."]
[EventRounds "2"]
[EventCountry "GER"]
[SourceTitle "EXT 2023"]
[Source "ChessBase"]
[SourceDate "2022.10.05"]
[SourceVersion "1"]
[SourceVersionDate "2022.10.05"]
[SourceQuality "1"]
[WhiteTeam "Essen Katernberg"]
[BlackTeam "Duesseldorf Sued"]
[WhiteTeamCountry "GER"]
[BlackTeamCountry "GER"]

1. c4 g6 2. g3 Bg7 3. Bg2 c5 4. Nc3 Nc6 5. e3 e5 6. Nge2 Nge7 7. Nd5 0-0 8. 0-0 d6 9. Nec3 Rb8 10. Rb1 Nxd5 11. Nxd5 Ne7 12. b4 Nxd5 13. Bxd5 b6 14. d3 Be6 15. Bxe6 fxe6 16. bxc5 bxc5 17. Bd2 Qd7 18. Qc2 Qc6 19. e4 Qa6 20. a4 Qc6 21. Qa2 a6 22. Rb3 Qc7 23. Rfb1 Rxb3 24. Rxb3 Rb8 25. Ba5 Qa7 26. Qb2 Rxb3 27. Qxb3 Bf6 28. h4 Kf7 29. Bd2 Bd8 30. a5 Ke8 31. Bg5 Bxg5 32. hxg5 Qc7 33. Qa4+ Ke7 34. Kg2 Qb7 35. Qd1 Kf8 36. Qa4 Ke7 37. Qa1 Kf7 38. f4 Qb3 39. Qf1 Qb2+ 40. Kh3 exf4 41. Qxf4+ Ke7 42. Qh4 Qg7 43. e5 dxe5 44. Qe4 Qf7 45. Qb7+ Kf8 46. Qb8+ Kg7 47. Qxe5+ Kg8 48. Qb8+ Qf8 49. Qxf8+ Kxf8 50. Kg4 e5 51. Kf3 Ke7 52. Ke4 Kd6 53. Ke3 1/2-1/2

[Event "NRW Class2 1819"]
[Site "Germany"]
[Date "2019.04.14"]
[Round "8.1"]
[White "Tomic, Bosko"]
[Black "Ebert, Manuel"]
[Result "1-0"]
[WhiteElo "2355"]
[BlackElo "2141"]
[PlyCount "47"]
[EventDate "2018.09.16"]
[EventType "team-tourn"]
[EventRounds "9"]
[EventCountry "GER"]
[SourceTitle "EXT 2022"]
[Source "ChessBase"]
[SourceDate "2021.10.06"]
[SourceVersion "1"]
[SourceVersionDate "2021.10.06"]
[SourceQuality "1"]
[WhiteTeam "Essen Katernberg"]
[BlackTeam "Guetersloh"]
[WhiteTeamCountry "GER"]
[BlackTeamCountry "GER"]

1. e4 c5 2. Nf3 e6 3. Nc3 a6 4. d4 cxd4 5. Nxd4 Qc7 6. f4 d6 7. Bd3 Nf6 8. 0-0 b5 9. Qe2 Bb7 10. Kh1 Nbd7 11. Bd2 Be7 12. Rae1 b4 13. Nd1 d5 14. exd5 Nxd5 15. c4 bxc3 16. Nxc3 Nc5 17. Bb1 Bf6 18. Nxd5 Bxd5 19. Be3 0-0 20. Rc1 Qa5 21. b4 Qxb4 22. Nc6 Bxc6 23. Bxc5 Qb7 24. Qc2 1-0

[Event "NRW Class2 1819"]
[Site "Germany"]
[Date "2019.02.17"]
[Round "6.2"]
[White "Gruen, Gerd Peter"]
[Black "Tomic, Bosko"]
[Result "0-1"]
[WhiteElo "2227"]
[BlackElo "2355"]
[PlyCount "82"]
[EventDate "2018.09.16"]
[EventType "team-tourn"]
[EventRounds "9"]
[EventCountry "GER"]
[SourceTitle "EXT 2022"]
[Source "ChessBase"]
[SourceDate "2021.10.06"]
[SourceVersion "1"]
[SourceVersionDate "2021.10.06"]
[SourceQuality "1"]
[WhiteTeam "Bielefeld"]
[BlackTeam "Essen Katernberg"]
[WhiteTeamCountry "GER"]
[BlackTeamCountry "GER"]

1. d4 Nf6 2. Nf3 g6 3. g3 Bg7 4. Bg2 0-0 5. 0-0 d6 6. c4 Nc6 7. Nc3 Bg4 8. Qd3 Nd7 9. e3 e5 10. d5 Nc5 11. Qd2 Nb4 12. Ne1 a5 13. Rb1 e4 14. h3 Bd7 15. a3 Bxc3 16. Qxc3 Na2 17. Qc2 Nxc1 18. Qxc1 a4 19. Nc2 Qg5 20. Nd4 Qh6 21. h4 Qh5 22. Qd2 Rae8 23. b4 axb3 24. Nxb3 Na4 25. Qc2 Qe5 26. c5 Bb5 27. Rfd1 Bd3 28. Rxd3 exd3 29. Qxd3 dxc5 30. Qc4 b5 31. Qc2 Qc3 32. Qxc3 Nxc3 33. Rb2 Ra8 34. Rc2 c4 35. Nd4 Rxa3 36. Rb2 Ra1+ 37. Kh2 Ra2 38. Rxa2 Nxa2 39. Nxb5 c3 40. Be4 Rb8 41. Nxc7 Nb4 0-1

[Event "Goch op 27th"]
[Site "Goch"]
[Date "2016.09.03"]
[Round "5"]
[White "Lenaerts, Lennert"]
[Black "Tomic, Bosko"]
[Result "1-0"]
[WhiteElo "2279"]
[BlackElo "2469"]
[PlyCount "71"]
[EventDate "2016.09.01"]
[EventType "swiss"]
[EventRounds "7"]
[EventCountry "GER"]
[SourceTitle "EXT 2018"]
[Source "ChessBase"]
[SourceDate "2017.10.13"]
[SourceVersion "1"]
[SourceVersionDate "2017.10.13"]
[SourceQuality "1"]

1. d4 Nf6 2. c4 g6 3. Nc3 Bg7 4. e4 0-0 5. Be3 d6 6. f3 Nbd7 7. Nh3 e5 8. Nf2 exd4 9. Bxd4 Bh6 10. Nd5 Ne5 11. Be2 Nh5 12. g3 c6 13. Be3 Bg7 14. Nc3 Be6 15. c5 Qa5 16. cxd6 Nc4 17. Bxc4 Bxc4 18. Bd4 b5 19. Bxg7 Nxg7 20. Qd2 Rad8 21. Ng4 f5 22. Ne5 b4 23. Nxc4 Qc5 24. Ne2 Qxc4 25. e5 f4 26. b3 Qe6 27. gxf4 g5 28. Rc1 gxf4 29. Rc5 Rf5 30. Qd4 Re8 31. Kf2 Qh6 32. Rg1 Qxh2+ 33. Ke1 Qh4+ 34. Kd1 Qh5 35. d7 Rd8 36. e6 1-0

[Event "Goch op 27th"]
[Site "Goch"]
[Date "2016.09.02"]
[Round "2"]
[White "Tomic, Bosko"]
[Black "Vasiljev, Jurij"]
[Result "1-0"]
[WhiteElo "2469"]
[BlackElo "2076"]
[PlyCount "101"]
[EventDate "2016.09.01"]
[EventType "swiss"]
[EventRounds "7"]
[EventCountry "GER"]
[SourceTitle "EXT 2018"]
[Source "ChessBase"]
[SourceDate "2017.10.13"]
[SourceVersion "1"]
[SourceVersionDate "2017.10.13"]
[SourceQuality "1"]

1. e4 c5 2. Nf3 e6 3. Nc3 Nc6 4. d4 cxd4 5. Nxd4 Nf6 6. Ndb5 a6 7. Nd6+ Bxd6 8. Qxd6 Qe7 9. Bf4 Nh5 10. Qxe7+ Kxe7 11. Bc7 Nf6 12. 0-0-0 Ne8 13. Bf4 d6 14. Be2 b5 15. Rd2 Bb7 16. Rhd1 Rd8 17. a3 f6 18. Be3 Ne5 19. f4 Nc4 20. Bxc4 bxc4 21. Bc5 Rf8 22. e5 fxe5 23. fxe5 Rf5 24. exd6+ Kd7 25. Bb6 Rc8 26. Bg1 Bc6 27. Rd4 Bxg2 28. Na4 Rc6 29. Rxc4 Bd5 30. Rxc6 Bxc6 31. Nc5+ Rxc5 32. Bxc5 Bd5 33. b3 Nf6 34. Rg1 Ne8 35. c4 Be4 36. Bb4 Kc6 37. c5 Bg6 38. Rxg6 hxg6 39. Bc3 Nf6 40. Bxf6 gxf6 41. b4 g5 42. Kd2 f5 43. a4 g4 44. b5+ axb5 45. axb5+ Kd7 46. Ke3 e5 47. b6 Kc6 48. Kd3 f4 49. Ke4 f3 50. Ke3 e4 51. Kf2 1-0

[Event "CRO-chT1B"]
[Site "Bol"]
[Date "2014.10.09"]
[Round "6.1"]
[White "Tomic, Bosko"]
[Black "Levacic, Patrick"]
[Result "1-0"]
[WhiteElo "2458"]
[BlackElo "2327"]
[PlyCount "82"]
[EventDate "2014.10.04"]
[EventType "team-tourn"]
[EventRounds "9"]
[EventCountry "CRO"]
[SourceTitle "CBM 162 Extra"]
[Source "ChessBase"]
[SourceDate "2014.10.17"]
[SourceVersion "1"]
[SourceVersionDate "2014.10.17"]
[SourceQuality "1"]
[WhiteTeam "Split Brda"]
[BlackTeam "Zadar"]
[WhiteTeamCountry "CRO"]
[BlackTeamCountry "CRO"]

1. c4 e5 2. g3 d6 3. Bg2 f5 4. Nc3 Nf6 5. d4 exd4 6. Qxd4 Nc6 7. Qd2 Be7 8. b3 0-0 9. Bb2 Bd7 10. Nh3 Rb8 11. Nf4 Ne5 12. 0-0 c6 13. Rfd1 a6 14. Rac1 Nf7 15. Na4 Ng5 16. Nc5 Qe8 17. Nxd7 Qxd7 18. Ng6 hxg6 19. Qxg5 Qe8 20. Qe3 Qf7 21. Ba3 Rbd8 22. Rd2 Ng4 23. Qa7 f4 24. Rf1 fxg3 25. hxg3 Qf5 26. Bh3 Qg5 27. Rd4 Nh6 28. Qxb7 Qe5 29. Rd3 Bg5 30. Qxc6 Qxe2 31. Qd5+ Kh7 32. f4 Bf6 33. Rf2 Qe1+ 34. Kg2 Rfe8 35. Rd1 Qe3 36. Bb4 Qa7 37. Bxd6 Rxd6 38. Qxd6 Rd8 39. Bd7 Nf5 40. Qe6 Qe3 41. Rh1+ Bh4 1-0

[Event "Goch op 25th"]
[Site "Goch"]
[Date "2014.09.05"]
[Round "3"]
[White "Tomic, Bosko"]
[Black "Thomas, Ingo"]
[Result "1/2-1/2"]
[WhiteElo "2463"]
[BlackElo "2191"]
[PlyCount "34"]
[EventDate "2014.09.04"]
[EventType "swiss"]
[EventRounds "7"]
[EventCountry "GER"]
[SourceTitle "EXT 2016"]
[Source "ChessBase"]
[SourceDate "2015.10.08"]
[SourceVersion "1"]
[SourceVersionDate "2015.10.08"]
[SourceQuality "1"]

1. e4 Nc6 2. Nf3 Nf6 3. e5 Nd5 4. c4 Nb6 5. d4 d6 6. e6 fxe6 7. Ng5 g6 8. Bd3 Bg7 9. Nxh7 Nxd4 10. Bxg6+ Kd7 11. c5 Nd5 12. Ng5 Qf8 13. Bf7 Bf6 14. Nc3 Qg7 15. Nce4 Bxg5 16. Nxg5 Qe5+ 17. Kf1 b6 1/2-1/2

[Event "Goch op 25th"]
[Site "Goch"]
[Date "2014.09.04"]
[Round "1"]
[White "Tomic, Bosko"]
[Black "Lehmann, Heinz Gerd"]
[Result "1-0"]
[WhiteElo "2463"]
[BlackElo "1913"]
[PlyCount "53"]
[EventDate "2014.09.04"]
[EventType "swiss"]
[EventRounds "7"]
[EventCountry "GER"]
[SourceTitle "EXT 2016"]
[Source "ChessBase"]
[SourceDate "2015.10.08"]
[SourceVersion "1"]
[SourceVersionDate "2015.10.08"]
[SourceQuality "1"]

1. e4 c5 2. Nf3 Nc6 3. Nc3 Nf6 4. Bb5 a6 5. Bxc6 dxc6 6. h3 e6 7. 0-0 Be7 8. b3 0-0 9. e5 Nd5 10. Ne4 h6 11. Ba3 b6 12. Qe2 a5 13. Rfd1 Ba6 14. d3 Re8 15. c4 Nf4 16. Qe3 Ng6 17. d4 cxd4 18. Rxd4 Qc7 19. Nd6 Red8 20. c5 bxc5 21. Bxc5 Nxe5 22. Qxe5 Bf6 23. Qe3 Bxd4 24. Qxd4 Rab8 25. Re1 a4 26. b4 Bb5 27. Re4 1-0

[Event "Bihac-chT1"]
[Site "Bihac"]
[Date "2014.08.25"]
[Round "4"]
[White "Tomic, Bosko"]
[Black "Trumic, Enes"]
[Result "1/2-1/2"]
[WhiteElo "2463"]
[BlackElo "2235"]
[PlyCount "23"]
[EventDate "2014.08.23"]
[EventType "swiss"]
[EventRounds "9"]
[EventCountry "BIH"]
[SourceTitle "EXT 2015"]
[Source "ChessBase"]
[SourceDate "2014.11.20"]
[SourceVersion "1"]
[SourceVersionDate "2014.11.20"]
[SourceQuality "1"]

1. c4 c6 2. g3 d5 3. Bg2 dxc4 4. Qc2 Nf6 5. Qxc4 e5 6. Nc3 Be6 7. Qa4 Nbd7 8. d3 h6 9. Nf3 Bc5 10. 0-0 0-0 11. Rd1 Qe7 12. Qc2 1/2-1/2

[Event "SRB Central-ch op-A 7th"]
[Site "Paracin"]
[Date "2014.07.08"]
[Round "5"]
[White "Tomic, Bosko"]
[Black "Egorov, Evgeni"]
[Result "1-0"]
[WhiteElo "2450"]
[BlackElo "2358"]
[PlyCount "63"]
[EventDate "2014.07.04"]
[EventType "swiss"]
[EventRounds "9"]
[EventCountry "SRB"]
[SourceTitle "CBM 161 Extra"]
[Source "ChessBase"]
[SourceDate "2014.08.29"]
[SourceVersion "1"]
[SourceVersionDate "2014.08.29"]
[SourceQuality "1"]

1. c4 Nf6 2. g3 e5 3. Bg2 Nc6 4. Nc3 Bb4 5. Na4 0-0 6. a3 Bd6 7. d3 Re8 8. Nf3 b6 9. 0-0 Bb7 10. Nh4 a6 11. Nf5 Bf8 12. Nc3 Rb8 13. f4 g6 14. Nh4 Bc5+ 15. e3 exf4 16. d4 fxg3 17. dxc5 gxh2+ 18. Kh1 Ne5 19. Bxb7 Rxb7 20. e4 Nh5 21. Nf5 bxc5 22. Nd5 Re6 23. b3 f6 24. Ra2 Nf7 25. Rg2 Kh8 26. Bb2 c6 27. Nh6 Nxh6 28. Qxh5 gxh5 29. Nxf6 Rxb3 30. Ne8+ Rf6 31. Rxf6 Ng8 32. Rf8+ 1-0

[Event "SRB Central-ch op-A 7th"]
[Site "Paracin"]
[Date "2014.07.07"]
[Round "4"]
[White "Nakhbayeva, Guliskhan"]
[Black "Tomic, Bosko"]
[Result "0-1"]
[WhiteElo "2300"]
[BlackElo "2450"]
[PlyCount "146"]
[EventDate "2014.07.04"]
[EventType "swiss"]
[EventRounds "9"]
[EventCountry "SRB"]
[SourceTitle "CBM 161 Extra"]
[Source "ChessBase"]
[SourceDate "2014.08.29"]
[SourceVersion "1"]
[SourceVersionDate "2014.08.29"]
[SourceQuality "1"]

1. d4 Nf6 2. Nf3 g6 3. g3 Bg7 4. Bg2 0-0 5. 0-0 d6 6. b3 e5 7. dxe5 Nfd7 8. Bg5 Qe8 9. Nc3 Na6 10. Nd5 dxe5 11. Be7 c6 12. Bxf8 Qxf8 13. Ne3 e4 14. Nd4 Qb4 15. c4 Qc3 16. Ndc2 f5 17. Qd6 Be5 18. Qe7 Bf6 19. Qa3 Ndc5 20. Rab1 Be6 21. Qc1 Nc7 22. Rd1 a5 23. Qd2 Qxd2 24. Rxd2 N7a6 25. a3 Kf7 26. f3 a4 27. bxa4 exf3 28. exf3 Nc7 29. Bf1 Rxa4 30. Kg2 Bg5 31. f4 Bf6 32. Rdd1 Ra7 33. Bd3 Na4 34. Rf1 Nc5 35. Rbd1 Nxd3 36. Rxd3 Na6 37. Rdd1 Nc5 38. h3 Ra4 39. g4 Ne4 40. gxf5 gxf5 41. Rb1 Ra7 42. Rfe1 Nc3 43. Rbc1 Ra8 44. Kf3 Rd8 45. Rg1 Rd3 46. Ne1 Rd8 47. Rc2 Ra8 48. Rb2 Ra7 49. Nd3 Ne4 50. Ne5+ Ke7 51. h4 Nc5 52. Ra2 Ra6 53. Rb1 Ra8 54. a4 Kd6 55. a5 Kc7 56. h5 Ne4 57. Rg1 Nc5 58. h6 Rd8 59. Rd1 Rg8 60. Rh1 Rd8 61. Rh5 Nd3 62. Nxf5 Bxe5 63. fxe5 Nxe5+ 64. Kf4 Ng6+ 65. Ke3 Bxc4 66. Rd2 Re8+ 67. Kd4 Bd5 68. Ne3 Re4+ 69. Kc5 Rxe3 70. Kb4 Nf4 71. Rg5 Ne6 72. Rgxd5 cxd5 73. Rxd5 Rh3 0-1